000 00685nam a2200265 i 4500
001 C2-0267846
003 PPAK
005 20180727234939.0
008 060808s2005 my |||| ||||| | may d
020 _a9832642914
040 _aPPAK
_beng
_cPPAK
_erda
082 0 4 _a899.233
_223
090 0 0 _a899.233
_bLIA
_dK
100 0 _aLiawana,
_eauthor
245 1 0 _aTerperangkap
264 1 _aKuala Lumpur :
_bPustaka Buana ,
_c2005
300 _a116 pages ;
_c19 cm
336 _2rdacontent
_atext
337 _2rdamedia
_aunmediated
338 _2rdacarrier
_avolume
490 1 _aSiri menongkah arus
650 1 0 _aMalay fiction
830 0 _aSiri menongkah arus
942 _ddc
_cB
999 _c76756
_d76756